| 000 | 00404nam a2200145 i 4500 | ||
|---|---|---|---|
| 001 | bg | ||
| 245 | 0 |
_aĆwiczenia laboratoryjne z wytrzymałości materiałów : _bpraca zbiorowa / _cpod red. Mariana Janusza. |
|
| 260 |
_aKatowice, _c1972. |
||
| 700 | 1 |
_aJanusz, Marian. _eRed. |
|
| 040 | _cBPK | ||
| 041 | _apol | ||
| 080 | _a621.1(075.8)(076) | ||
| 942 | _cKS | ||
| 008 | s pl f |000 0 pol | ||
| 999 |
_c7542 _d7542 |
||
| 856 |
_uhttp://koha.tu.koszalin.pl/cgi-bin/koha/opac-detail.pl?biblionumber=7542 _yKatalog online BPK |
||